000 00565nam a2200181Ia 4500
008 090123s9999 xx 000 0 und d
082 _b29832
_a891.463/पांढरी
100 _aपांढरीपांडे विजय
245 _aशर्यत
250 _a1
260 _bदिलिपराज प्रकाशन
300 _a180
600 _aपांढरीपांडे विजय
630 _aशर्यत
700 _aपांढरीपांडे विजय
730 _aशर्यत
942 _cBOOK
999 _c68757
_d68757